000
00309nam a22001457a 4500
008
230516b ||||| |||| 00| 0 eng d
020
_a
0818504722
041
_a
eng
080
_a
33
082
_a
33COR
100
_a
25
101
_a
MJEDISI
245
_a
GROUP TECHNIQUES
_c
COREY SH.M
942
_2
udc
_c
BK
999
_c
59727
_d
59727